<?xml version="1.0" encoding="UTF-8"?>
<record
    xmlns:xsi="http://www.w3.org/2001/XMLSchema-instance"
    xsi:schemaLocation="http://www.loc.gov/MARC21/slim http://www.loc.gov/standards/marcxml/schema/MARC21slim.xsd"
    xmlns="http://www.loc.gov/MARC21/slim">

  <leader>00685nam a2200193   4500</leader>
  <datafield tag="999" ind1=" " ind2=" ">
    <subfield code="c">8306</subfield>
    <subfield code="d">8306</subfield>
  </datafield>
  <controlfield tag="001">21821</controlfield>
  <controlfield tag="003">BD-DhUAP</controlfield>
  <controlfield tag="005">20230530173417.0</controlfield>
  <controlfield tag="008">230530b2021    bg a|||| |||| 00| 0aBan d</controlfield>
  <datafield tag="020" ind1=" " ind2=" ">
    <subfield code="a">9789849579519</subfield>
  </datafield>
  <datafield tag="040" ind1=" " ind2=" ">
    <subfield code="a">BD-DhUL</subfield>
    <subfield code="b">BAN</subfield>
    <subfield code="c">BD-DhUAP</subfield>
    <subfield code="d">BD-DhUAP</subfield>
  </datafield>
  <datafield tag="082" ind1=" " ind2=" ">
    <subfield code="2">23</subfield>
    <subfield code="a">320.092 NAB</subfield>
  </datafield>
  <datafield tag="100" ind1=" " ind2=" ">
    <subfield code="a">&#x9A8;&#x9AC;&#x9C0;, &#x9A1;. &#x9A8;&#x9C2;&#x9B0;&#x9C1;&#x9A8; &#x964;</subfield>
  </datafield>
  <datafield tag="245" ind1=" " ind2=" ">
    <subfield code="a">&#x985;&#x9A8;&#x9CD;&#x9A4;&#x9B0;&#x999;&#x9CD;&#x997; &#x99C;&#x9BE;&#x9A8;&#x9BE;&#x9B2;&#x9BE;&#x9AF;&#x9BC; &#x9AC;&#x999;&#x9CD;&#x997;&#x9AC;&#x9A8;&#x9CD;&#x9A7;&#x9C1; /</subfield>
    <subfield code="c">&#x9A8;&#x9C2;&#x9B0;&#x9C1;&#x9A8; &#x9A8;&#x9AC;&#x9C0; &#x964;</subfield>
  </datafield>
  <datafield tag="260" ind1=" " ind2=" ">
    <subfield code="a">&#x9A2;&#x9BE;&#x995;&#x9BE; :</subfield>
    <subfield code="b">&#x985;&#x9A8;&#x9A8;&#x9CD;&#x9AF;&#x9BE;,</subfield>
    <subfield code="c">&#x9E8;&#x9E6;&#x9E8;&#x9E7; &#x964;</subfield>
  </datafield>
  <datafield tag="300" ind1=" " ind2=" ">
    <subfield code="a">&#x9E7;&#x9EF;&#x9E7; &#x9AA;&#x9C3;. :</subfield>
    <subfield code="b">&#x99A;&#x9BF;&#x9A4;&#x9CD;&#x9B0; ;</subfield>
    <subfield code="c">&#x9E8;&#x9E8; &#x9B8;&#x9C7;&#x9AE;&#x9BF;.</subfield>
  </datafield>
  <datafield tag="650" ind1=" " ind2=" ">
    <subfield code="a">Rahman, Sheik Mujibur</subfield>
    <subfield code="x">Biography.</subfield>
  </datafield>
  <datafield tag="942" ind1=" " ind2=" ">
    <subfield code="2">ddc</subfield>
    <subfield code="c">BK</subfield>
  </datafield>
  <datafield tag="952" ind1=" " ind2=" ">
    <subfield code="0">0</subfield>
    <subfield code="1">0</subfield>
    <subfield code="2">ddc</subfield>
    <subfield code="4">0</subfield>
    <subfield code="7">0</subfield>
    <subfield code="a">UAPCL</subfield>
    <subfield code="b">UAPCL</subfield>
    <subfield code="c">Reference Stacks </subfield>
    <subfield code="d">2023-05-30</subfield>
    <subfield code="o">954.92 NAB</subfield>
    <subfield code="p">3010021821</subfield>
    <subfield code="r">2023-05-30</subfield>
    <subfield code="t">1</subfield>
    <subfield code="v">400.00</subfield>
    <subfield code="w">2023-05-30</subfield>
    <subfield code="y">REF</subfield>
  </datafield>
</record>
